Welcome to the Holygrace Academy Library

Please use search bar below to get started

GURU NANAK (Record no. 8949)

MARC details
000 -LEADER
fixed length control field 00266nam a22001217a 4500
082 ## - DEWEY DECIMAL CLASSIFICATION NUMBER
Classification number 494
Item number RAJ/G
100 ## - MAIN ENTRY--AUTHOR NAME
Personal name RAJPAL
245 ## - TITLE STATEMENT
Title GURU NANAK
246 ## - VARYING FORM OF TITLE
Title proper/short title GURU NANAK
Remainder of title GURU NANAK
260 ## - PUBLICATION, DISTRIBUTION, ETC. (IMPRINT)
Place of publication MUMBAI
Name of publisher WILCO
Year of publication 2024
650 ## - SUBJECT ADDED ENTRY--TOPICAL TERM
Topical Term HINDI ILLUSTRATED STORIES
942 ## - ADDED ENTRY ELEMENTS (KOHA)
Koha item type Books

No items available.